000 00750nam a2200181Ia 4500
008 151018s9999 xx 000 0 und d
082 _bRBASDV6475
_a900
100 _aरानडे गो मा
245 _aमराठाच्या सत्तेचा उत्कर्ष
250 _b1
260 _bमहाराष्ट्र राज्य साहित्य संस्कुती मंडळ मुंबई
_c1964
300 _a170
600 _aरानडे गो मा
630 _aमराठाच्या सत्तेचा उत्कर्ष
700 _aरानडे गो मा
730 _aमराठाच्या सत्तेचा उत्कर्ष
942 _cBOOK
999 _c1008849
_d1008846